| 000 | 00476cam a2200193ua 4500 | ||
|---|---|---|---|
| 001 | 9713 | ||
| 008 | 160730n ii |||gr||||Z||||||asm | ||
| 040 | _cMAIN | ||
| 041 | _aasm | ||
| 082 | _a341 | ||
| 100 |
_aGogoi, Purandar, _eAuthor. |
||
| 245 |
_aAntajartik aain aru kutniti _cby Purandar Gogoi |
||
| 250 | _a1st ed. | ||
| 260 |
_aDibrugarh: _bBanalata, _c2004. |
||
| 300 | _a248p. | ||
| 653 | _aLaw of nations | ||
| 653 | _aInternational law and diplomacy | ||
| 942 | _cBK | ||
| 999 |
_c8726 _d8726 |
||